00909nam a2200217 a 450000100100000000500170001000800410002704000130006808200150008110000440009624501160014026000370025630000210029350000410031450000320035570000500038704900090043795201180044695201120056499900150067600000624620200929153915.0090827s1998 dr 001 spa d aDO-SdBNP axxxbM843e1 aMoreno Herrada, Felix Leovigildo91744610aEvolución de la moral social y su influencia en la educación del niño /cFelix Leovigildo Moreno Herrada. aSanto Domingo, :bTaller,c1998. a101 p. ;c22 cm. aIncluye referencias bibliográficas aIncluye datos biográficos1 aMoreno San Juan, José Luiseprólogo92397 aBNPD 0010718PDaPDbPDcCTd2009-08-27iLF1l0oxxx M843ep6246-10r2020-06-25te. 2w2020-06-25yLFPDZNo se presta 0010718PDaPDbPDcCTd2009-08-27iLF1l0oxxx M843ep6246-20r2020-06-25w2020-06-25yLFPDZNo se presta c6041d6041